00443nam a22001457a 4500003000400000008004100004082001800045100002800063245010300091260003200194300000900226502001500235650003000250650001700280OSt260425b |||||||| |||| 00| 0 eng d a635.648bM87E aMunda, Bidya Dhar Singh aEffect of Plant Growth Regulators in Seed Production of Bhindi (Abelmoschus esculentus L. Moench.) aPusa, SamastipurbRAUc1997 a55P. bMsc.d1997 aVegetables & Floriculture aHorticulture